01192nam a2200301Ia 4500001001200000003000800012006001900020007001500039008004100054020001500095020001800110040002100128035002100149050002300170245013000193260002600323300002400349504005100373533015200424650001400576650003600590650002900626655002900655700004600684710001700730856012600747999001700873ebr10240408CaPaEBRm u cr cn|||||||||030812s2003 enka sb 001 0 eng d z0727914391 z9780727914392 aCaPaEBRcCaPaEBR a(OCoLC)18959474514aRC254b.E94 2003eb00aEvidence-based oncologyh[electronic resource] /cedited by Chris Williams ; associate editors, Vivien Bramwell ... [et al.]. aLondon :bBMJ,c2003. axvi, 618 p. :bill. aIncludes bibliographical references and index. aElectronic reproduction.bPalo Alto, Calif. :cebrary,d2009.nAvailable via World Wide Web.nAccess may be limited to ebrary affiliated libraries. 0aOncology. 0aCancerxPatientsxMedical care. 0aEvidence-based medicine. 7aElectronic books.2local1 aWilliams, C. J.q(Christopher John Hacon)2 aebrary, Inc.40uhttp://site.ebrary.com/lib/rucke/Doc?id=10240408zAn electronic book accessible through the World Wide Web; click to view c35984d35984